Score 0/7 Timer 03:00
0 Plays Today
Question Answer Wrong Answers
German fighter ace Manfred von Richthofen, better known by this nickname, is shot down and killed over Vaux-sur-Somme in France.
1918
The Red Baron
93.2%
The Black Eagle
1.5%
Lion of Germany
1.7%
Mad Dog
2.5%
The Seattle World’s Fair opens, the first in the US since WWII. The fair saw the construction of this famous landmark.
1962
Space Needle
92.6%
Kingdome
1.5%
Pike Place Market
1.8%
Fremont Troll
1.1%
The 'Surgeon's Photograph', the most famous photo allegedly showing the ______, is published in the Daily Mail. In 1999, it is revealed to be a hoax.
1934
Loch Ness Monster
91.7%
Ogopogo
0.9%
Banshee
1.6%
Mothman
3.4%
This former NFL quarterback, who spent his entire career with the Dallas Cowboys, is born.
1980
Tony Romo
71.9%
Drew Bledsoe
11.2%
Kyle Orton
6.3%
Drew Henson
7.1%
Republic of Texas forces under ______ defeat Mexican troops in the Battle of San Jacinto, a decisive battle during the Texas Revolution.
1836
Sam Houston
70.7%
Stephen Austin
14.2%
George Dallas
5.8%
Santa Ana
9.1%
Queen Elizabeth II is born. Who was her father?
1926
George VI
56.7%
George V
19.3%
George III
8.3%
George IV
14.2%
This man visits Jamaica, an event now celebrated as Grounation Day.
1966
Haile Selassie
34.4%
Nelson Mandela
19.4%
Marcus Garvey
7.3%
Bob Marley
35.6%
Remove Ads.
Support Sporcle.
Get the best of Sporcle when you Go Orange. This ad-free experience offers more features, more stats, and more fun while also helping to support Sporcle. Thank you for becoming a member.

You're not logged in!

Compare scores with friends on all Sporcle quizzes.
OR
Log In

Show Comments

Extras

Top Quizzes Today


Score Distribution

Your Account Isn't Verified!

In order to create a playlist on Sporcle, you need to verify the email address you used during registration. Go to your Sporcle Settings to finish the process.

Report this User

Report this user for behavior that violates our Community Guidelines.

Details: